000 00882nam a2200253Ia 4500
003 OSt
005 20221005112907.0
006 a|||||r|||| 00| 0
007 ta
008 221004b |||||||| |||| 00| 0 mar d
020 _a8126001488 (hbk)
_c300
024 _a5393
037 _b726, 26/06/2013, H.K. Prakashan
_cTextual
040 _aCRL
_cCRL
_bmar
041 _2mar
_amar
082 _aO155,3M98,YA, 153N7
100 _aਖਾਂਡੇਕਰ, ਵਿਨੂੰ ਸਖਾਰਾਮ
245 0 _aਯਯਾਤੀ
260 _aਦਿੱਲੀ
_bਸਾਹਿਤ ਅਕਾਦੇਮੀ ਭਾਰਤ
_c1997
300 _a416ਪੰ
_ccm.
650 _aਮਰਾਠੀ ਕਹਾਣੀ
942 _hO155,3M98,YA, 153N7
_cTEXL
_2cc
999 _c1026351
_d1026351